History - European History | 0 | 3 | 0 | 3 | 30 | 131 | 135.33 | 0 | 3 |
Philosophy | 0 | 2 | 0 | 0 | 20 | 120 | 123.00 | 1 | 2 |
Religion | 1 | 0 | 0 | 0 | 15 | 68 | 68.00 | 0 | 1 |
Science - Other Science | 0 | 1 | 0 | 0 | 10 | 116 | 116.00 | 1 | 1 |
Geography | 0 | 1 | 0 | 0 | 10 | 96 | 96.00 | 0 | 1 |
Science - Biology | 0 | 1 | 0 | 0 | 10 | 88 | 88.00 | 1 | 1 |
Literature - American Literature | 0 | 1 | 0 | 0 | 10 | 151 | 151.00 | 0 | 1 |
Literature - European Literature | 0 | 1 | 0 | 1 | 10 | 142 | 142.00 | 0 | 1 |
Literature - World Literature | 0 | 1 | 0 | 0 | 10 | 130 | 130.00 | 0 | 1 |
Other Academic | 0 | 1 | 0 | 1 | 10 | 123 | 123.00 | 0 | 1 |
Fine Arts - Visual Fine Arts | 0 | 1 | 1 | 0 | 5 | 140 | 140.00 | 0 | 1 |
Fine Arts - Auditory Fine Arts | 0 | 0 | 0 | 0 | 0 | | 0.00 | 0 | 0 |
Science - Physics | 0 | 0 | 0 | 0 | 0 | | 0.00 | 0 | 0 |
Fine Arts - Other Fine Arts | 0 | 0 | 1 | 0 | -5 | | 0.00 | 0 | 0 |
Social Science | 0 | 0 | 1 | 0 | -5 | | 0.00 | 0 | 0 |
History - World History | 0 | 0 | 1 | 0 | -5 | | 0.00 | 0 | 0 |